LEADER 01643oam 2200445zu 450 001 996198221303316 005 20210807003403.0 035 $a(CKB)111026746739718 035 $a(SSID)ssj0000437073 035 $a(PQKBManifestationID)12129386 035 $a(PQKBTitleCode)TC0000437073 035 $a(PQKBWorkID)10432298 035 $a(PQKB)10484894 035 $a(EXLCZ)99111026746739718 100 $a20160829d1994 uy 101 0 $aeng 181 $ctxt 182 $cc 183 $acr 200 10$aThird International Conference on the Software Process : applying the software process : proceedings, October 10-11, 1994, Reston, Virginia 210 31$a[Place of publication not identified]$cIEEE Computer Society Press$d1994 300 $aBibliographic Level Mode of Issuance: Monograph 311 $a0-8186-6695-1 606 $aComputer software$xCongresses 606 $aEngineering & Applied Sciences$2HILCC 606 $aComputer Science$2HILCC 615 0$aComputer software$xCongresses 615 7$aEngineering & Applied Sciences 615 7$aComputer Science 676 $a005.1 712 02$aInternational Software Process Association 712 02$aIEEE Computer Society 712 02$aACM Sigsoft 712 02$aIEEE Computer Society Technical Council on Software Engineering 712 12$aInternational Conference on the Software Process 801 0$bPQKB 906 $aBOOK 912 $a996198221303316 996 $aThird International Conference on the Software Process : applying the software process : proceedings, October 10-11, 1994, Reston, Virginia$92507814 997 $aUNISA LEADER 02134nas 2200433 n 450 001 990008894670403321 005 20240229084535.0 011 $a0003-4053 035 $a000889467 035 $aFED01000889467 035 $a(Aleph)000889467FED01 035 $a000889467 091 $2CNR$aP 00019541 100 $a20090724b19511980km-y0itaa50------ba 101 0 $afre 102 $aFR 110 $aauu-------- 200 1 $aAnnales de l'amélioration des plantes 207 1$a1951-1980 210 $aParis$cDunod 431 0$1001000889426$12001$aAnnales agronomiques [1931] 447 0$1001000888966$12001$aAgronomie (Print) 530 0 $aAnnales de l'amélioration des plantes 675 $a631.5 675 $a580 712 02$aInstitut national de la recherche agronomique$c 801 0$aIT$bACNP$c20090723 859 4 $uhttp://acnp.cib.unibo.it/cgi-ser/start/it/cnr/dc-p1.tcl?catno=11790&person=false&language=ITALIANO&libr=&libr_th=unina1$zBiblioteche che possiedono il periodico 901 $aSE 912 $a990008894670403321 958 $aBiblioteca. Dipartimento di Scienze del Suolo, della Pianta, dell'Ambiente e delle Produzioni Animali-Sez. Genetica vegetale e ortofloricoltura Napoli$b1954-1980.$c1965;$fDAGGV 958 $aBiblioteca Centralizzata. Facoltà di Agraria dell'Università Federico II di Napoli$b1951-1974;$fFAGBC 959 $aDAGGV 959 $aFAGBC 996 $aAnnales de l'amélioration des plantes$9801509 997 $aUNINA AP1 8 $6866-01$aNA084 Biblioteca. Dipartimento di Scienze del Suolo, della Pianta, dell'Ambiente e delle Produzioni Animali-Sez. Genetica vegetale e ortofloricoltura Napoli$ev. Università,100, 80055 Portici (NA)$m08125.39322$nit AP1 8 $6866-02$aNA087 Biblioteca Centralizzata. Facoltà di Agraria dell'Università Federico II di Napoli$ev. Università, 100 Palazzo Reale, 80055 Portici (NA)$m081-2539322$m081-7760229$nit AP2 40$aacnp.cib.unibo.it$nACNP Italian Union Catalogue of Serials$uhttp://acnp.cib.unibo.it/cgi-ser/start/it/cnr/df-p.tcl?catno=11790&language=ITALIANO&libr=&person=&B=1&libr_th=unina&proposto=NO LEADER 03206nam 22006255 450 001 9910300327403321 005 20251113190435.0 010 $a3-642-45349-X 024 7 $a10.1007/978-3-642-45349-6 035 $a(CKB)3710000000105756 035 $a(EBL)1731227 035 $a(OCoLC)883570975 035 $a(SSID)ssj0001204794 035 $a(PQKBManifestationID)11644306 035 $a(PQKBTitleCode)TC0001204794 035 $a(PQKBWorkID)11180375 035 $a(PQKB)10366290 035 $a(MiAaPQ)EBC1731227 035 $a(DE-He213)978-3-642-45349-6 035 $a(PPN)178316792 035 $a(EXLCZ)993710000000105756 100 $a20140428d2014 u| 0 101 0 $aeng 135 $aur|n|---||||| 181 $ctxt 182 $cc 183 $acr 200 10$aAnterior Cruciate Ligament Reconstruction $eA Practical Surgical Guide /$fedited by Rainer Siebold, David Dejour, Stefano Zaffagnini 205 $a1st ed. 2014. 210 1$aBerlin, Heidelberg :$cSpringer Berlin Heidelberg :$cImprint: Springer,$d2014. 215 $a1 online resource (487 p.) 300 $aDescription based upon print version of record. 311 08$a3-642-45348-1 320 $aIncludes bibliographical references and index. 327 $aPartial ACL tear -- Complete ACL tear ? General considerations -- Anatomical Single bundle ACL reconstruction -- Double bundle ACL reconstruction -- Indications for Single- or double bundle ACL reconstruction -- Extra-articular Plasty -- ACL reconstruction with open physis -- One-Stage-Revision ACL -- Two-Stage-Revision ACL -- ACL + OSTEOTOMY -- Intraoperative complications -- Postoperative complications -- Rehabilitation & Return to Sports -- Prevention of ACL tear & rerupture. 330 $aThis practical and instructional guidebook, written by international experts in anterior cruciate ligament (ACL) reconstruction, covers all challenging aspects of ACL rupture in the acute and chronic setting. It covers the latest, spectacular anatomical findings, treatment of partial ACL tears, various techniques for single- and double-bundle ACL reconstruction, and complex ACL revision surgery. Important surgical steps are clearly described with the help of instructive, high-quality photographs. Important tips, tricks, and pitfalls are highlighted and intra- and postoperative complications, rehabilitation, and prevention of re-rupture are discussed. All authors are prominent and experienced ACL surgeons. 606 $aOrthopedic surgery 606 $aOrthopedics 606 $aSurgical Orthopedics 606 $aOrthopaedics 615 0$aOrthopedic surgery. 615 0$aOrthopedics. 615 14$aSurgical Orthopedics. 615 24$aOrthopaedics. 676 $a610 676 $a616.7 676 $a617.47 676 $a617.582059 702 $aSiebold$b Rainer$4edt$4http://id.loc.gov/vocabulary/relators/edt 702 $aDejour$b David$4edt$4http://id.loc.gov/vocabulary/relators/edt 702 $aZaffagnini$b Stefano$4edt$4http://id.loc.gov/vocabulary/relators/edt 906 $aBOOK 912 $a9910300327403321 996 $aAnterior Cruciate Ligament Reconstruction$91521871 997 $aUNINA